Statistiken für Großstädte Frankreichs

Klicken Sie hier um das Quiz zu spielen!

Allgemein

  • Dieses Quiz wurde 108 mal gespielt
  • Das Durchschnittsergebnis liegt bei 18 aus 40

Antwortstatistiken

EinwohnerzahlStadt% Korrekt
2.133.111Paris
100%
522.250Lyon
98%
873.076Marseille
97%
348.085Nizza
85%
261.804Bordeaux
84%
291.313Straßburg
80%
236.710Lille
76%
504.078Toulouse
76%
323.204Nantes
72%
302.454Montpellier
67%
225.081Rennes
67%
139.619Brest
58%
159.346Dijon
57%
179.380Reims
54%
120.874Metz
53%
157.477Grenoble
52%
166.058Le Havre
48%
148.104Nîmes
44%
172.718Saint-Étienne
44%
114.083Rouen
38%
106.341Mülhausen
37%
104.260Nancy
36%
116.617Orléans
33%
137.658Tours
33%
180.452Toulon
30%
108.200Caen
29%
157.175Angers
28%
145.004Le Mans
26%
129.760Limoges
26%
147.327Clermont-Ferrand
25%
133.625Amiens
24%
119.656Perpignan
22%
113.942Saint-Denis
21%
119.198Besançon
19%
147.478Aix-en-Provence
17%
131.715Annecy
13%
156.928Villeurbanne
12%
107.221Argenteuil
3%
111.455Montreuil
3%
119.808Boulogne-Billancourt
1%

Verteilung der Resultate

Perzentil nach korrekt beantworteten Fragen

Anzahl Personen mit jedem Resultat

Ihre Resultats-Entwicklung

Sie haben dieses Quiz noch nicht gespielt